| 000 | 02736cam a22005054i 4500 | ||
|---|---|---|---|
| 003 | PE-LiUPU | ||
| 005 | 20250731172931.0 | ||
| 008 | 170620s2011 maua rb 001 0 eng d | ||
| 020 | _a9004211764 | ||
| 020 | _a9789004211766 | ||
| 035 | _a(Sirsi) a204420 | ||
| 040 |
_aPE-LiUPU _bspa _cPE-LiUPU _erda |
||
| 049 | _aPRUA | ||
| 082 | 0 | 4 |
_a280.409714 _bF8 _223 |
| 245 | 0 | 0 |
_aFrench-Speaking Protestants in Canada : _bhistorical essays / _cedited by Jason Zuidema. |
| 264 | 1 |
_aLeiden ; _aBoston : _bBrill, _c2011. |
|
| 300 |
_aviii, 318 páginas : _bilistraciones ; _c25 centimetros. |
||
| 336 |
_atext _2rdacontent |
||
| 337 |
_aunmediated _2rdamedia |
||
| 338 |
_avolume _2rdacarrier |
||
| 490 | 0 |
_aReligion in the Americas series, _x1542-1279 ; _vv. 11 |
|
| 504 | _aBibliografía : páginas 285-310. | ||
| 504 | _aÍndices: páginas 315-318. | ||
| 505 | 0 | _aThe french monarchy and prostestant immigration to Canada before 1760; the social, political and religious contexts -- Heriette feller, the spirit and mission to Canada -- The c olonial church and school society and the early years of the sabrevois mission, 1850-1884 -- The french-canadian missinary society: a study in evangelistic zeal and civic ambition -- Clashes in worldview: french protestants and roman catholics in the 19th century -- Promoting 'a truly national spirit': the unifying mission of sir Henri-gustave joly de lotbiniere, 1885-1896 -- Charles chiniquy: the meta-denominational and protestant presbyterian -- French protestant missionary activity in quebec from the 1850s to the 1950s -- The evangelical revivals of hte 1960s-1980s -- French adventismin quebec -- Accomodation and conversion: french baptists and Canada in the 19th and centuries -- A brief socio-demographic portrait of french-speaking protestant schools. | |
| 526 | _aSEG42 | ||
| 526 | _aSEG41 | ||
| 526 | _aSEG40 | ||
| 526 | _aSEG39 | ||
| 526 | _aP94 | ||
| 526 | _aP87 | ||
| 526 | _aP86 | ||
| 526 | _aP85 | ||
| 526 | _aP77 | ||
| 526 | _aP76 | ||
| 526 | _aP35 | ||
| 650 | 0 |
_aFrancés-Canadienses _xReligión. |
|
| 650 | 0 |
_aProtestantismo _zQuébec(Provincia) _xHistoria. |
|
| 910 |
_ajck _bjvq _cjpc _d20170620 |
||
| 942 |
_2ddc _cBOOK |
||
| 949 |
_a280.409714 F8 _wDEWEY _c1 _i76234 _lCATALOGING _mBUL _p143.00 _r0 _sY _tBOOK _u2017-06-20 _xTEOLOGÍA _zTEOLOGÍA _0COMPRA _o.CIRCNOTE. El documento es de alto precio. _o.STAFF. Colección Teología |
||
| 994 |
_aC0 _bPEPRU |
||
| 596 | _a1 | ||
| 999 |
_a280.409714 F8 _wDEWEY _c20776 _i76234 _f2021-11-11 _g4 _lCCODEBUL1 _mBUL _p143.00 _r0 _sY _tBOOK _u2017-6-20 _xTEOLOGIA _PP35 _0DEPOSITO _o.STAFF. Colección Teología _d20776 |
||
| 980 |
_81 _gALBERTO SANCHEZ Responsable de Automatización |
||